Radio communication at ultra high frequency / (Record no. 183068)
[ view plain ]
| 000 -LEADER | |
|---|---|
| fixed length control field | 00674 a2200169 4500 |
| 003 - CONTROL NUMBER IDENTIFIER | |
| control field | Nust |
| 005 - DATE AND TIME OF LATEST TRANSACTION | |
| control field | 20221221115846.0 |
| 040 ## - CATALOGING SOURCE | |
| Transcribing agency | Nust |
| 082 ## - DEWEY DECIMAL CLASSIFICATION NUMBER | |
| Classification number | 621.384,THO |
| 100 ## - MAIN ENTRY--PERSONAL NAME | |
| Personal name | Thomson, John |
| 9 (RLIN) | 105508 |
| 245 ## - TITLE STATEMENT | |
| Title | Radio communication at ultra high frequency / |
| Statement of responsibility, etc. | John Thomson |
| 260 ## - PUBLICATION, DISTRIBUTION, ETC. | |
| Place of publication, distribution, etc. | London |
| Name of publisher, distributor, etc. | Methuen |
| Date of publication, distribution, etc. | 1950 |
| 300 ## - PHYSICAL DESCRIPTION | |
| Extent | 203 p. |
| 505 ## - FORMATTED CONTENTS NOTE | |
| Formatted contents note | Circuits for use at UHF (Page-1), Valves for use at UHF (Page-37), Power Amplifiers, Frequency Multipliers and Oscillators (Page-72), Receiver Input Circuits (Page-89), Modulation Techniques (Page-136), Frequency Control (Page-159), Communication Systems (Page-179). |
| 610 ## - SUBJECT ADDED ENTRY--CORPORATE NAME | |
| Corporate name or jurisdiction name as entry element | Shortwave radio |
| 9 (RLIN) | 105509 |
| 942 ## - ADDED ENTRY ELEMENTS (KOHA) | |
| Source of classification or shelving scheme | |
| Koha item type | Book |
| Withdrawn status | Lost status | Source of classification or shelving scheme | Damaged status | Not for loan | Permanent Location | Current Location | Shelving location | Date acquired | Full call number | Barcode | Date last seen | Price effective from | Koha item type | Public note |
|---|---|---|---|---|---|---|---|---|---|---|---|---|---|---|
| Military College of Signals (MCS) | Military College of Signals (MCS) | General Stacks | 12/12/2016 | 621.384,THO | MCS6660 | 12/08/2016 | 12/12/2016 | Book | Almirah No.38, Shelf No.4 |
